MARC

LEADER 00000nab a22000001a 4500
001 vtls010314391
003 SK-MaSNL
005 20260426055746.0
008 110928d19260901xo |r|p|||| |000 b|slo
015 |a SNBRRBVU1918-1938 
038 |a SNKBUCL 
040 |a SNKBUVU  |b slo  |c SNKBUCL  |e AACR2 
041 0 |a slo 
044 |a xo  |c SK 
080 |a 730.071.1  |2 1997 
080 |a 725.94  |2 1997 
245 0 0 |a Rováš 
600 1 7 |a Uprka, Franta,  |d 1868-1929  |2 MM  |9 131475 
600 1 7 |a Vajanský, Svetozár Hurban,  |d 1847-1916  |2 MM  |9 110614 
648 7 |a 1926  |2 snkbucl  |9 296465 
650 0 7 |a české sochárstvo  |2 MM  |9 3045 
650 0 7 |a pomníky  |2 MM  |9 3013 
651 7 |a Martin (Slovensko)  |2 MM  |9 16875 
655 7 |a kritické poznámky  |2 snkbucl  |9 1039675 
773 0 |t Slovák  |g Roč. 8, č. 196 (1.9.1926), s. 1 
852 |a SNK  |b KIS3GCP 
910 |a snkrbvumm 
958 |a VY 
999 |c 2194523  |d 2196453